The costly harvest / (Record no. 402)

MARC details
000 -LEADER
fixed length control field 00785cam a2200265 i 4500
001 - CONTROL NUMBER
control field 331650
003 - CONTROL NUMBER IDENTIFIER
control field GBCCL
005 - DATE AND TIME OF LATEST TRANSACTION
control field 20241126110337.0
008 - FIXED-LENGTH DATA ELEMENTS--GENERAL INFORMATION
fixed length control field 750429r19751969ilua 000 0 eng
010 ## -
-- 75310768
020 ## - INTERNATIONAL STANDARD BOOK NUMBER
International Standard Book Number 0842304452
040 ## - CATALOGING SOURCE
Original cataloging agency DLC
Transcribing agency DLC
Modifying agency DLC
043 ## -
-- s-ck---
050 00 -
-- BV2853.C7
-- H6 1975
082 00 - DEWEY DECIMAL CLASSIFICATION NUMBER
Classification number 266.023
Item number HOW
100 1# - MAIN ENTRY--PERSONAL NAME
Personal name Howard, David M.
9 (RLIN) 554
240 10 -
-- Hammered as gold
245 14 - TITLE STATEMENT
Title The costly harvest /
Statement of responsibility, etc. David M. Howard.
260 ## - PUBLICATION, DISTRIBUTION, ETC.
Place of publication, distribution, etc. Wheaton, Ill. :
Name of publisher, distributor, etc. Tyndale House Publishers,
Date of publication, distribution, etc. 1975, c1969.
300 ## - PHYSICAL DESCRIPTION
Extent xv, 207 p. :
Other physical details ill. ;
Dimensions 22 cm.
500 ## - GENERAL NOTE
General note First ed. published in 1969 under title: Hammered as gold.
650 #0 - SUBJECT ADDED ENTRY--TOPICAL TERM
Topical term or geographic name entry element Missions
Geographic subdivision Colombia.
9 (RLIN) 555
906 ## - LOCAL DATA ELEMENT F, LDF (RLIN)
a 7
b cbc
c orignew
d 2
e ncip
f 19
g y-gencatlg
942 ## - ADDED ENTRY ELEMENTS (KOHA)
Source of classification or shelving scheme Dewey Decimal Classification
Koha item type Books
Holdings
Withdrawn status Lost status Source of classification or shelving scheme Damaged status Not for loan Home library Current Library Shelving location Date acquired Total checkouts Full call number Barcode Date last seen Copy number Price effective from Koha item type
    Dewey Decimal Classification     GRACE BIBLE COLLEGE GRACE BIBLE COLLEGE Ministry & Mission 2016-10-25   266.023 HOW 001363 2025-05-01 c.1 2016-10-25 Books
    Dewey Decimal Classification     GRACE BIBLE COLLEGE GRACE BIBLE COLLEGE Ministry & Mission 2017-04-26   266.023 HOW 002039 2025-05-01 c.2 2017-04-26 Books
© Grace Bible College Library 2025